000 00633nam a2200205Ia 4500
003 GCL
008 140319s9999 xx 000 0 ara d
040 _aGCL /
_cGCL
082 0 4 _a301.2
_bم ن
100 1 _aمجموعة من الكتاب
245 1 0 _aنظرية الثقافة ( عالم المعرفة 223 ) /
_cمجموعة من الكتاب
700 1 _aعلى سيد الصاوى
300 _a447 ص
490 _aعالم المعرفة
_v0
650 0 4 _aالثقافة
650 0 4 _aالوعى الاجتماعى
650 0 4 _aالتثقيف الذاتى
650 0 4 _aالاجتماع، علم
942 _2ddc
_cBK
999 _c51517
_d51517